Language Quiz

Random Language or Letter Quiz

Begins and Ends with 'E' Quiz Stats

 Plays Quiz Updated Sep 28, 2018

Score 0/16 Timer 04:00
0 Plays Today
Hint Word % Correct
Biblical wife of Adam or 'Gangsta Lovin' rapperEve
87.2%
Suitable for consumptionEdible
84.8%
To break loose from confinement, in 1963 Steve McQueen and James Garner had a great one of theseEscape
81.6%
Luxury sport utility vehicle from CadillacEscalade
74%
The best of the best; come late March college basketball is down to eightElite
71.2%
The common name of Captain Kirk's spaceship in Star TrekEnterprise
68.5%
A sharpened side as in a blade or the guitarist from U2Edge
67.1%
Knowledge gained from what one has observed or undergone or a Jimi Hendrix bandExperience
61.3%
Hint Word % Correct
Turanga Leela only has one of theseEye
54.7%
A sword used for dueling in fencingÉpée
46.7%
Band that performed 'The Final Countdown'Europe
43.5%
Galactic faction from the Star Wars universeEmpire
43.2%
To remove a layer of skinExfoliate
37.6%
Compound C2H6Ethane
31.6%
To fraudulently appropriate an asset for one's own useEmbezzle
28.6%
Muslim ruled political territoryEmirate
22.5%

You're not logged in!

Compare scores with friends on all Sporcle quizzes.
OR
Log In

Sporcle TV

Today on Sporcle TV


Watch our educational content, quiz creation guides, and fun videos on Sporcle TV.

Show Comments

Extras

Top Quizzes Today


Score Distribution

Your Account Isn't Verified!

In order to create a playlist on Sporcle, you need to verify the email address you used during registration. Go to your Sporcle Settings to finish the process.

Report this User

Report this user for behavior that violates our Community Guidelines.

Details: